00537cam a2200169 a 450000100100000000500170001000800410002702000150006804000180008308200190010110000230012024500730014326000720021630000270028865000250031565000270034000000614420200929151941.0000621s1999 ec 001 p spa  z9978621510 aDO-SdBNPcDLC aE861.44bC512i1 aChávez, Alfonso.10aInstantes :bpoemas de vida, amor y muerte /cAlfonso Chávez Jara. aQuito :bCasa de Cultura Ecuatoriana "Benjamín Carrión",c1999. a87 p. :bil. ;c21 cm. 4aPoesía ecuatoriana 4aLiteratura ecuatoriana